[Event "Anti Cheating Blitz Cup"]
[Site "Chess.com INT"]
[Date "2020.05.20"]
[Round "5"]
[White "Garcia Menchon, Jose"]
[Black "Tudor, Marian"]
[Result "1-0"]
[WhiteElo "1986"]
[BlackElo "1917"]
[PlyCount "31"]
[EventDate "2020.05.20"]
[EventType "swiss (blitz)"]
[EventRounds "11"]
[EventCountry "USA"]
[SourceTitle "CBM 196 Extra"]
[Source "ChessBase"]
[SourceDate "2020.07.31"]
[SourceVersion "1"]
[SourceVersionDate "2020.07.31"]
[SourceQuality "1"]

1. e4 c5 2. Nc3 d6 3. Bc4 e6 4. d3 Nf6 5. Bg5 Be7 6. Nf3 a6 7. a4 Nc6 8. Qd2 h6 9. Bf4 0-0 10. Bxh6 gxh6 11. Qxh6 Nh7 12. h4 Bf6 13. Ng5 Bxc3+ 14. bxc3 Nxg5 15. hxg5 f5 16. Qg6# 1-0